Die 20 höchsten Darts TV Averages - Statistiken

Allgemein
  • Dieses Quiz wurde 197 mal gespielt
  • Das Durchschnittsergebnis liegt bei 16 aus 20
Antwortstatistiken
Platz Durchschnitt Land Dartsspieler % Korrekt
2 123,40 Niederlande Michael van Gerwen
98%
8 117,95 Niederlande Michael van Gerwen
98%
11 116,90 Niederlande Michael van Gerwen
98%
12 116,67 Niederlande Michael van Gerwen
98%
5 119,50 Schottland Peter Wright
98%
6 118.66 England Phil Taylor
93%
7 118.14 England Phil Taylor
93%
10 117,35 England Phil Taylor
93%
13 116,10 England Phil Taylor
93%
14 116,01 England Phil Taylor
93%
15 115,80 England Phil Taylor
93%
16 115,62 England Phil Taylor
93%
19 115,51 England Phil Taylor
93%
20 115,25 England Phil Taylor
93%
9 117,88 Wales Gerwyn Price
81%
3 121,97 Belgien Kim Huybrechts
73%
17 115,62 Belgien Ronny Huybrechts
71%
1 123,53 Schottland Peter Wright
50%
4 121,88 Nordirland Josh Rock
35%
18 115,62 England Mervyn King
6%
Keine übereinstimmenden Quizze gefunden
Verteilung der Resultate
Anzahl Personen mit jedem Resultat
Perzentil nach korrekt beantworteten Fragen
Ihre Resultats-Entwicklung
Sie haben dieses Quiz noch nicht gespielt